Նանոէլեկտրոնային սարքեր : (Record no. 232990)
[ view plain ]
| 000 -LEADER | |
|---|---|
| fixed length control field | 01508nam a2200277 u 4500 |
| 001 - CONTROL NUMBER | |
| control field | 000579331 |
| 003 - CONTROL NUMBER IDENTIFIER | |
| control field | AM-YeHGA |
| 005 - DATE AND TIME OF LATEST TRANSACTION | |
| control field | 20250618073419.0 |
| 008 - FIXED-LENGTH DATA ELEMENTS--GENERAL INFORMATION | |
| fixed length control field | 080430s2008 ai r 000 0 arm d |
| 020 ## - INTERNATIONAL STANDARD BOOK NUMBER | |
| International Standard Book Number | 9789939550251 |
| 020 ## - INTERNATIONAL STANDARD BOOK NUMBER | |
| International Standard Book Number | 978-9939-55-026-8 |
| 040 ## - CATALOGING SOURCE | |
| Original cataloging agency | AM-YeHGA |
| 090 ## - LOCALLY ASSIGNED LC-TYPE CALL NUMBER (OCLC); LOCAL CALL NUMBER (RLIN) | |
| -- | 234547 |
| 100 1# - MAIN ENTRY--PERSONAL NAME | |
| Personal name | Բունիաթյան, Վահե Վազգենի, |
| Dates associated with a name | 1947- |
| 9 (RLIN) | 9518 |
| 245 10 - TITLE STATEMENT | |
| Title | Նանոէլեկտրոնային սարքեր : |
| Remainder of title | Ներբուհական դասագիրք / |
| Statement of responsibility, etc. | Վ.Վ. Բունիաթյան, Մ.Գ. Տրավաջյան; ՀՀ կրթ. և գիտ. նախ., ՀՊՃՀ. |
| 260 ## - PUBLICATION, DISTRIBUTION, ETC. | |
| Place of publication, distribution, etc. | Երևան : |
| Name of publisher, distributor, etc. | Ճարտարագետ, |
| Date of publication, distribution, etc. | 2008-. |
| 300 ## - PHYSICAL DESCRIPTION | |
| Extent | մ. |
| 500 ## - GENERAL NOTE | |
| General note | Նվիրվում է ՀՊՃՀ (Պոլիտեխնիկ) 75-ամյակին |
| 505 10 - FORMATTED CONTENTS NOTE | |
| Miscellaneous information | Մ. 1 (2008, 248 էջ) |
| -- | Մ. 2 (2008, 236 էջ, օգտ. գրակ.՝ 46 անուն) |
| -- | Մ. 3 (2008,236 էջ, մատենագիտ.՝ էջ 232-234) |
| 530 ## - ADDITIONAL PHYSICAL FORM AVAILABLE NOTE | |
| Additional physical form available note | էլեկտրոնային պաշարը հասանելի է ՀՊՃՀ-ի գրադարանի էլեկտրոնային ընթերցասրահում : Մ. 1 : |
| Uniform Resource Identifier | <a href="http://libsrv.seua.am/chair_publications/1188E.pdf">http://libsrv.seua.am/chair_publications/1188E.pdf</a> |
| 530 ## - ADDITIONAL PHYSICAL FORM AVAILABLE NOTE | |
| Additional physical form available note | Մ. 2 : |
| Uniform Resource Identifier | <a href="http://libsrv.seua.am/chair_publications/1189E.pdf">http://libsrv.seua.am/chair_publications/1189E.pdf</a> |
| 650 14 - SUBJECT ADDED ENTRY--TOPICAL TERM | |
| Topical term or geographic name entry element | Նանոէլեկտրոնիկա |
| 700 1# - ADDED ENTRY--PERSONAL NAME | |
| Personal name | Տրավաջյան, Մ.Գ. |
| 710 2# - ADDED ENTRY--CORPORATE NAME | |
| Corporate name or jurisdiction name as entry element | ՀՀ կրթության և գիտության նախարարություն |
| 9 (RLIN) | 8625 |
| 710 2# - ADDED ENTRY--CORPORATE NAME | |
| Corporate name or jurisdiction name as entry element | Հայաստանի պետական ճարտարագիտական համալսարան (Պոլիտեխնիկ). |
| Withdrawn status | Lost status | Damaged status | Not for loan | Collection | Home library | Current library | Date acquired | Cost, normal purchase price | Serial enumeration / chronology | Shelving control number | Total checkouts | Full call number | Barcode | Date last seen | Price effective from | Koha item type | Public note |
|---|---|---|---|---|---|---|---|---|---|---|---|---|---|---|---|---|---|
| General | Fundamental Scientific Library | Fundamental Scientific Library | 28/12/2016 | 2000.00 | 1 | AII/93413 | FL0064419 | 28/12/2016 | 28/12/2016 | Գրքեր / Books | 30 Days Loan | ||||||
| General | Fundamental Scientific Library | Fundamental Scientific Library | 28/12/2016 | 2000.00 | 1 | AII/93414 | FL0064420 | 28/12/2016 | 28/12/2016 | Գրքեր / Books | 30 Days Loan | ||||||
| General | Fundamental Scientific Library | Fundamental Scientific Library | 28/12/2016 | 2000.00 | 2 | AII/93415 | FL0064411 | 28/12/2016 | 28/12/2016 | Գրքեր / Books | 30 Days Loan | ||||||
| General | Fundamental Scientific Library | Fundamental Scientific Library | 28/12/2016 | 2000.00 | 2 | AII/93416 | FL0064412 | 28/12/2016 | 28/12/2016 | Գրքեր / Books | 30 Days Loan |
ՀՀ Գիտությունների ազգային ակադեմիայի հիմնարար գիտական գրադարան = Fundamental Scientific Library of NAS RA
All site content, except where otherwise noted, is licensed under a